| 000 | 00328nam a2200109Ia 4500 | ||
|---|---|---|---|
| 008 | 200302s9999 xx 000 0 und d | ||
| 100 | _aColin Salter | ||
| 245 | _aCrafting Creativity 52 Brilliant ideas for awakening the artistic genius within | ||
| 260 | _bThe Infinite Ideas Company Limited. | ||
| 260 | _c2008 | ||
| 300 | _a240 P., | ||
| 999 |
_c4157 _d4157 |
||